LEADER 01070nam a2200277 u 4500 001 000000092234 003 CaOOAMICUS 005 20070226124921.0 008 060517s2005 fr u000 u fre u 020 $a2-7110-0596-8 035 $a11089364 040 $aPUL$bita 245 00$aCode de commerce /$cMarie-Jeanne Campana. 260 $aParis :$bLitec,$c2005. 300 $alxxiv, 2756 p. ;$c19 cm 490 1 $aLes Codes bleus Litec 504 $aInclude indice. 650 4$aDiritto commerciale$zEuropa.$0(OLS)http://pul/subject/29785 700 1 $aCampana, Marie-Jeanne.$0(OLS)http://pul/name/59477 830 4$aLes Codes bleus Litec.$0(OLS)http://pul/title/119055 850 $aPUL 852 $aPUL$W1$xDP2 Diritto e Scienze Sociali 3$y110$m346. 44 CAMJE 1$j116032$nBK-PRI$b $qDDC 21$B116032$CPULBib$Z2$F116032 $HPUL100579 $82 941 1 $a9 996 $6020$a2-7110-0596-8$9(OLS)http://pul/number/121119 996 $6245$aCode de commerce$9(OLS)http://pul/title/51221 996 $6260$aParis :$bLitec$9(OLS)http://pul/publisher/79073 LEADER 01524nam a2200301 u 4500 001 000000111296 003 CaOOAMICUS 005 20080421114142.0 008 080421s2008 it u000 u ita u 020 $z978-88-215-6114-6* 040 $aPUL$bita$dMCT 100 1 $aMazza, Giuseppe.$0(OLS)http://pul/name/68335 245 10$aIncarnazione e umanità di Dio :$bfigure di un'eternità impura /$cGiuseppe Mazza ; prefazione di Elmar Salmann. 260 $aCinisello Balsamo :$bSan Paolo,$c2008. 300 $a229 p. ;$c21 cm 490 1 $aUniverso teologia.$aTeologia fondamentale ;$v87 504 $aInclude riferimenti bibliografici. 650 4$aTeologia.$0(OLS)http://pul/subject/118 830 0$aUniverso teologia.$pTeologia fondamentale ;$v87.$0(OLS)http://pul/title/74757 850 $aPUL 852 $aPUL$W1$xSL Religione 3$y85$m232. 1 MAZGI 2$j127803$ac. 2$qDDC 21$B126508$CPULBib$Z2$F126508 $H107307 $82 852 $aPUL$W1$xSL Religione 3$y85$m232. 1 MAZGI 1$j127578$qDDC 21$B126280$CPULBib$Z2$F126280 $H106945 $82 852 $aPUL$W1$xDP1 Fondo Bordoni$y120$m3 H 2$j173523$qFondi$B175847$CPULBib$Z2$F175847 $HBor524 $81 941 1 $a9 941 1 $a1 996 $6020$z978-88-215-6114-6*$9(OLS)http://pul/number/137781 996 $6245$aIncarnazione e umanità di Dio :$bfigure di un'eternità impura$9(OLS)http://pul/title/139937 996 $6260$aCinisello Balsamo :$bSan Paolo$9(OLS)http://pul/publisher/54577